[Event "IECG CP.2003.P.00038 email"]
[Site "IECG email"]
[Date "2003.10.01"]
[Round "?"]
[White "Chapman, Joseph"]
[Black "Kudryavtsev, Yaroslav"]
[Result "0-1"]
[WhiteElo "2035"]
[BlackElo "1931"]
[PlyCount "20"]
[EventDate "2003.10.01"]
[EventType "tourn (corr)"]
[EventRounds "6"]
[EventCountry "USA"]
[SourceTitle "Corr 2024"]
[Source "ChessBase"]
[SourceDate "2023.10.19"]
[SourceVersion "1"]
[SourceVersionDate "2023.10.19"]
[SourceQuality "1"]

1. d4 Nf6 2. c4 g6 3. Nc3 d5 4. cxd5 Nxd5 5. e4 Nxc3 6. bxc3 c5 7. Bb5+ Bd7 8. Qb3 Bg7 9. Ne2 cxd4 10. Nxd4 0-0 0-1

[Event "IECG CP.2003.P.00038 email"]
[Site "IECG email"]
[Date "2003.10.01"]
[Round "?"]
[White "Gilles, Robert P"]
[Black "Chapman, Joseph"]
[Result "1-0"]
[WhiteElo "2271"]
[BlackElo "2035"]
[PlyCount "23"]
[EventDate "2003.10.01"]
[EventType "tourn (corr)"]
[EventRounds "6"]
[EventCountry "USA"]
[SourceTitle "Corr 2024"]
[Source "ChessBase"]
[SourceDate "2023.10.19"]
[SourceVersion "1"]
[SourceVersionDate "2023.10.19"]
[SourceQuality "1"]

1. e4 c5 2. Nf3 d6 3. d4 cxd4 4. Nxd4 Nf6 5. Nc3 Nc6 6. Bg5 Qa5 7. Bxf6 gxf6 8. Bb5 Bd7 9. 0-0 Rc8 10. Nb3 Qb6 11. a4 Bg7 12. a5 1-0

[Event "IECG email"]
[Site "IECG email"]
[Date "1999.??.??"]
[Round "?"]
[White "Chapman, Joseph"]
[Black "Schipmann, Torsten"]
[Result "0-1"]
[WhiteElo "2200"]
[BlackElo "2209"]
[PlyCount "60"]
[EventDate "1999.12.04"]
[EventType "tourn (corr)"]
[EventRounds "6"]
[SourceTitle "Corr 2004"]
[Source "ChessBase"]
[SourceDate "2003.04.28"]
[SourceVersion "3"]
[SourceVersionDate "2003.04.28"]
[SourceQuality "1"]

1. d4 Nf6 2. c4 e6 3. Nc3 Bb4 4. e3 0-0 5. Bd3 c5 6. Nf3 d5 7. 0-0 Nc6 8. a3 Bxc3 9. bxc3 Qc7 10. cxd5 exd5 11. Nh4 Ne7 12. g3 Bh3 13. Re1 Ng6 14. Ng2 Qd7 15. f3 cxd4 16. cxd4 Bf5 17. g4 Bxd3 18. Qxd3 Rac8 19. Bd2 Rfd8 20. Rec1 h5 21. h3 hxg4 22. hxg4 Qd6 23. Be1 Rc6 24. Rab1 b6 25. Rxc6 Qxc6 26. Rb3 Rc8 27. Rc3 Qd7 28. Rxc8+ Qxc8 29. Kf2 Qc7 30. g5 Nh7 0-1